Diffusion of Innovations

Saved in:
Bibliographic Details
Main Author: Rogers, Everett M.
Format: Book
Language:English
Published: New York The Free Press 1983
Edition:3. ed.
Subjects:
Tags: Add Tag
No Tags, Be the first to tag this record!

MARC

LEADER 00000nam a2200000 4500
001 c021321
005 20221207073442.3
020 |a 0-02-926650-5 
041 0 |a eng 
044 |a US 
245 1 0 |a Diffusion of Innovations  |c Everett M. Rogers 
250 |a 3. ed. 
264 1 |a New York  |b The Free Press  |c 1983 
300 |a 453 s. 
610 2 0 |a inovácia 
610 2 0 |a procesy rozhodovacie 
610 2 0 |a dejiny 
610 2 0 |a zmeny organizačné 
610 2 0 |a zmeny technologické 
100 1 |a Rogers, Everett M.